| 000 | 01719nam a2200421Ia 4500 | ||
|---|---|---|---|
| 001 | ebr10559296 | ||
| 003 | CaPaEBR | ||
| 006 | m u | ||
| 007 | cr cn||||||||| | ||
| 008 | 110407s2011 nbuab sb s001 0aeng d | ||
| 010 | _z 2011015108 | ||
| 020 | _z0803232918 | ||
| 020 | _z0803236190 | ||
| 020 | _z9780803232914 | ||
| 020 | _z9780803236196 | ||
| 020 | _z9780803271340 | ||
| 040 |
_aCaPaEBR _cCaPaEBR |
||
| 035 | _a(OCoLC)797825769 | ||
| 050 | 1 | 4 |
_aF594 _b.C6745 2011eb |
| 082 | 0 | 4 |
_a978/.02092 _aB _222 |
| 100 | 0 |
_aBuffalo Bill, _d1846-1917. |
|
| 245 | 1 | 4 |
_aThe life of Hon. William F. Cody, known as Buffalo Bill _h[electronic resource] / _cWilliam F. Cody ; edited and with an introduction by Frank Christianson. |
| 246 | 3 | _aLife of Honorable William F. Cody, known as Buffalo Bill | |
| 260 |
_aLincoln : _bUniversity of Nebraska Press, _cc2011. |
||
| 300 |
_axlix, 529 p. : _bill., maps. |
||
| 490 | 1 | _aThe papers of William F. "Buffalo Bill" Cody | |
| 504 | _aIncludes bibliographical references and index. | ||
| 533 |
_aElectronic reproduction. _bPalo Alto, Calif. : _cebrary, _d2011. _nAvailable via World Wide Web. _nAccess may be limited to ebrary affiliated libraries. |
||
| 600 | 0 | 0 |
_aBuffalo Bill, _d1846-1917. |
| 650 | 0 |
_aPioneers _zWest (U.S.) _vBiography. |
|
| 650 | 0 |
_aScouts (Reconnaissance) _zWest (U.S.) _vBiography. |
|
| 650 | 0 |
_aFrontier and pioneer life _zWest (U.S.) |
|
| 655 | 7 |
_aElectronic books. _2local |
|
| 700 | 1 | _aChristianson, Frank. | |
| 710 | 2 | _aebrary, Inc. | |
| 830 | 0 | _aPapers of William F. "Buffalo Bill" Cody. | |
| 856 | 4 | 0 |
_uhttp://site.ebrary.com/lib/rucke/Doc?id=10559296 _zAn electronic book accessible through the World Wide Web; click to view |
| 999 |
_c191068 _d191068 |
||